| 000 | 00697nam a2200241Ia 4500 | ||
|---|---|---|---|
| 008 | 220501s2022 xx 000 0 eng d | ||
| 020 | _a9789354601200 | ||
| 082 | _a658.4032 HIL-I | ||
| 100 | _aHillier, Frederick S | ||
| 245 | 0 |
_aIntroduction to operations research _cFrederick S. Hillier ... [et al.] |
|
| 250 | _a11th | ||
| 260 |
_aChennai _bMcGraw Hill _c2022 |
||
| 300 | _axxviii, 1416p. | ||
| 650 | _aDuality theory | ||
| 650 | _aDynamic programming | ||
| 650 | _aInteger programming | ||
| 650 | _aLinear programming, basic | ||
| 650 | _aOperations research | ||
| 700 | _aBasu, Preetam | ||
| 700 | _aLieberman, Gerald J. | ||
| 700 | _aNag, Bodhibrata | ||
| 942 |
_2ddc _cREF _049 |
||
| 999 |
_c18461 _d18461 |
||